000 00319nam a2200133Ia 4500
005 20251222141836.0
008 251222s9999||||xx |||||||||||||| ||spa||
082 _a800.2/F78
100 _aFournival, Richard de
245 0 _aBestiario de Amor
250 _a1ra.ed.
264 _bMiraguano Ediciones, S.A.
942 _cLIB
999 _c7273
_d7273